{"text_format":"3","workbook":"xlsx","n_sheets":1,"sheets":["t84"],"read":"whole","date_system":"1900"}

{"sheet":"t84","index":0,"n_rows":189,"n_cols":7,"rows_kept":189,"merged":[[0,0,0,6],[30,0,30,5],[52,0,52,5],[156,0,156,5]]}
["TABELA 84.1 - Estatísticas Agrícolas, Município de Borborema, Estado de São Paulo, 2007/08."]
["ITEM","UNIDADE","N.DE UPAs","MÍNIMO","MÉDIO","MÁXIMO","TOTAL"]
["Distância à sede do município","km",891,0.2,{"v":9.26,"d":"9.3"},{"v":28,"d":"28.0"},"-"]
["Área total","hectare",891,0.4,{"v":57.23,"d":"57.2"},{"v":2755.8,"d":"2,755.8"},{"v":50988.4,"d":"50,988.4"}]
["Área com cultura perene","hectare",370,0.9,{"v":26.58,"d":"26.6"},{"v":497,"d":"497.0"},{"v":9834.6,"d":"9,834.6"}]
["Área com cultura temporária","hectare",497,0.5,{"v":56.86,"d":"56.9"},{"v":2230.1,"d":"2,230.1"},{"v":28257.6,"d":"28,257.6"}]
["Área com pastagem","hectare",457,0.1,{"v":16.68,"d":"16.7"},{"v":419,"d":"419.0"},{"v":7622.5,"d":"7,622.5"}]
["Área com reflorestamento","hectare",63,0.3,{"v":2.85,"d":"2.9"},{"v":17,"d":"17.0"},179.7]
["Área com vegetação natural","hectare",624,0.1,{"v":4.29,"d":"4.3"},222.2,{"v":2678.9,"d":"2,678.9"}]
["Área com vegetação de brejo e várzea","hectare",72,0.1,{"v":8.87,"d":"8.9"},142.2,638.3]
["Área em descanso","hectare",32,1.2,{"v":10.18,"d":"10.2"},30.5,325.6]
["Área complementar","hectare",846,0.1,{"v":1.72,"d":"1.7"},154.9,{"v":1451.2,"d":"1,451.2"}]
["Área das UPAs com (0, 1] ha","hectare",1,0.4,0.4,0.4,0.4]
["Área das UPAs com (1, 2] ha","hectare",6,1.2,{"v":1.38,"d":"1.4"},1.8,8.3]
["Área das UPAs com (2, 5] ha","hectare",69,2.1,{"v":3.81,"d":"3.8"},{"v":5,"d":"5.0"},263.1]
["Área das UPAs com (5, 10] ha","hectare",111,5.1,{"v":7.95,"d":"8.0"},{"v":10,"d":"10.0"},{"v":882,"d":"882.0"}]
["Área das UPAs com (10, 20] ha","hectare",201,10.2,{"v":14.23,"d":"14.2"},{"v":20,"d":"20.0"},{"v":2859.7,"d":"2,859.7"}]
["Área das UPAs com (20, 50] ha","hectare",240,20.5,{"v":31.87,"d":"31.9"},{"v":50,"d":"50.0"},{"v":7649.3,"d":"7,649.3"}]
["Área das UPAs com (50, 100] ha","hectare",139,50.4,{"v":70.77,"d":"70.8"},99.4,{"v":9837.4,"d":"9,837.4"}]
["Área das UPAs com (100, 200] ha","hectare",74,100.2,{"v":138.68,"d":"138.7"},198.2,{"v":10262.5,"d":"10,262.5"}]
["Área das UPAs com (200, 500] ha","hectare",43,{"v":204,"d":"204.0"},{"v":265.44,"d":"265.4"},479.2,{"v":11413.8,"d":"11,413.8"}]
["Área das UPAs com (500, 1.000] ha","hectare",4,580.8,{"v":724.38,"d":"724.4"},870.4,{"v":2897.5,"d":"2,897.5"}]
["Área das UPAs com (1.000, 2.000] ha","hectare",2,{"v":1064.8,"d":"1,064.8"},{"v":1079.3,"d":"1,079.3"},{"v":1093.8,"d":"1,093.8"},{"v":2158.6,"d":"2,158.6"}]
["Área das UPAs com (2.000, 5.000] ha","hectare",1,{"v":2755.8,"d":"2,755.8"},{"v":2755.8,"d":"2,755.8"},{"v":2755.8,"d":"2,755.8"},{"v":2755.8,"d":"2,755.8"}]
["Área das UPAs com (5.000, 10.000] ha","hectare","-","-","-","-","-"]
["Área das UPAs acima de 10.000 ha","hectare","-","-","-","-","-"]
["Familiares do proprietário que trabalham na UPA","unidade",587,{"v":1,"d":"1.0"},{"v":1.62,"d":"1.6"},{"v":10,"d":"10.0"},{"v":950,"d":"950.0"}]
["Trabalhadores permanentes","unidade",191,{"v":1,"d":"1.0"},{"v":2.38,"d":"2.4"},{"v":100,"d":"100.0"},{"v":454,"d":"454.0"}]
["Fonte: Secretaria de Agricultura e Abastecimento, CDRS/IEA, Projeto LUPA."]
[]
["TABELA 84.2 - Explorações Animais, Município de Borborema, Estado de São Paulo, 2007/08."]
["ITEM","UNIDADE","N.DE UPAs","MÍNIMO","MÉDIO","MÁXIMO","TOTAL"]
["Apicultura","colmeias",9,{"v":1,"d":"1.0"},{"v":22,"d":"22.0"},{"v":73,"d":"73.0"},{"v":198,"d":"198.0"}]
["Asininos E Muares","cabeças",14,{"v":1,"d":"1.0"},{"v":1.21,"d":"1.2"},{"v":2,"d":"2.0"},{"v":17,"d":"17.0"}]
["Avestruzes e Ema (Criadouro)","cabeças",1,{"v":2,"d":"2.0"},{"v":2,"d":"2.0"},{"v":2,"d":"2.0"},{"v":2,"d":"2.0"}]
["Avicultura de Corte","cabeças/ano",17,{"v":16800,"d":"16,800.0"},{"v":105164.71,"d":"105,164.7"},{"v":384000,"d":"384,000.0"},{"v":1787800,"d":"1,787,800.0"}]
["Avicultura Ornamental/Decorativa/Exótica","cabeças",2,{"v":50,"d":"50.0"},{"v":55,"d":"55.0"},{"v":60,"d":"60.0"},{"v":110,"d":"110.0"}]
["Bovinocultura de Corte","cabeças",88,{"v":8,"d":"8.0"},{"v":95.72,"d":"95.7"},{"v":1418,"d":"1,418.0"},{"v":8423,"d":"8,423.0"}]
["Bovinocultura Leiteira","cabeças",79,{"v":2,"d":"2.0"},{"v":13.97,"d":"14.0"},{"v":120,"d":"120.0"},{"v":1104,"d":"1,104.0"}]
["Bovinocultura Mista","cabeças",294,{"v":1,"d":"1.0"},{"v":19.19,"d":"19.2"},{"v":250,"d":"250.0"},{"v":5643,"d":"5,643.0"}]
["Bubalinocultura","cabeças",1,{"v":1,"d":"1.0"},{"v":1,"d":"1.0"},{"v":1,"d":"1.0"},{"v":1,"d":"1.0"}]
["Caprinocultura","cabeças",7,{"v":6,"d":"6.0"},{"v":27.71,"d":"27.7"},{"v":42,"d":"42.0"},{"v":194,"d":"194.0"}]
["Carcinocultura","pós-larvas",1,{"v":11,"d":"11.0"},{"v":11,"d":"11.0"},{"v":11,"d":"11.0"},{"v":11,"d":"11.0"}]
["Cunicultura","cabeças",1,{"v":140,"d":"140.0"},{"v":140,"d":"140.0"},{"v":140,"d":"140.0"},{"v":140,"d":"140.0"}]
["Equinocultura","cabeças",170,{"v":1,"d":"1.0"},2.5,{"v":20,"d":"20.0"},{"v":425,"d":"425.0"}]
["Minhocultura","canteiros",1,{"v":20,"d":"20.0"},{"v":20,"d":"20.0"},{"v":20,"d":"20.0"},{"v":20,"d":"20.0"}]
["Ovinocultura","cabeças",14,{"v":18,"d":"18.0"},{"v":66.29,"d":"66.3"},{"v":180,"d":"180.0"},{"v":928,"d":"928.0"}]
["Piscicultura","m² tanques",8,{"v":700,"d":"700.0"},{"v":3664.5,"d":"3,664.5"},{"v":8000,"d":"8,000.0"},{"v":29316,"d":"29,316.0"}]
["Ranicultura","girinos/ano",1,{"v":5,"d":"5.0"},{"v":5,"d":"5.0"},{"v":5,"d":"5.0"},{"v":5,"d":"5.0"}]
["Suinocultura","cabeças",42,{"v":3,"d":"3.0"},{"v":33.71,"d":"33.7"},{"v":140,"d":"140.0"},{"v":1416,"d":"1,416.0"}]
["Fonte: Secretaria de Agricultura e Abastecimento, CDRS/IEA, Projeto LUPA."]
[]
["TABELA 84.3 -  Máquinas, Implementos e Benfeitorias, Município de Borborema, Estado de São Paulo, 2007/08."]
["ITEM","UNIDADE","N.DE UPAs","MÍNIMO","MÉDIO","MÁXIMO","TOTAL"]
["Arado Comum (Bacia, Aiveca)","Unidade",228,{"v":1,"d":"1.0"},{"v":1.16,"d":"1.2"},{"v":5,"d":"5.0"},{"v":265,"d":"265.0"}]
["Arado Escarificador","Unidade",5,{"v":1,"d":"1.0"},1.2,{"v":2,"d":"2.0"},{"v":6,"d":"6.0"}]
["Arado Subsolador","Unidade",44,{"v":1,"d":"1.0"},{"v":1.02,"d":"1.0"},{"v":2,"d":"2.0"},{"v":45,"d":"45.0"}]
["Batedeira de Cereais","Unidade",9,{"v":1,"d":"1.0"},{"v":1,"d":"1.0"},{"v":1,"d":"1.0"},{"v":9,"d":"9.0"}]
["Câmara Fria","Unidade",1,{"v":1,"d":"1.0"},{"v":1,"d":"1.0"},{"v":1,"d":"1.0"},{"v":1,"d":"1.0"}]
["Carregadeira de Cana","Unidade",2,{"v":1,"d":"1.0"},1.5,{"v":2,"d":"2.0"},{"v":3,"d":"3.0"}]
["Colhedeira Acoplada","Unidade",20,{"v":1,"d":"1.0"},1.1,{"v":3,"d":"3.0"},{"v":22,"d":"22.0"}]
["Colhedeira Automotriz","Unidade",5,{"v":1,"d":"1.0"},1.4,{"v":2,"d":"2.0"},{"v":7,"d":"7.0"}]
["Conj.Irrigação Autopropelido","Unidade",3,{"v":1,"d":"1.0"},{"v":1.33,"d":"1.3"},{"v":2,"d":"2.0"},{"v":4,"d":"4.0"}]
["Conj.Irrigação Convencional","Unidade",18,{"v":1,"d":"1.0"},{"v":1.06,"d":"1.1"},{"v":2,"d":"2.0"},{"v":19,"d":"19.0"}]
["Conj.Irrigação/Gotejamento/Microaspersão","Unidade",10,{"v":1,"d":"1.0"},{"v":1,"d":"1.0"},{"v":1,"d":"1.0"},{"v":10,"d":"10.0"}]
["Desintegrador de Palha (Plantio Direto)","Unidade",1,{"v":1,"d":"1.0"},{"v":1,"d":"1.0"},{"v":1,"d":"1.0"},{"v":1,"d":"1.0"}]
["Desintegrador, Picador, Triturador","Unidade",164,{"v":1,"d":"1.0"},{"v":1.06,"d":"1.1"},{"v":2,"d":"2.0"},{"v":174,"d":"174.0"}]
["Distribuidor de Calcário","Unidade",111,{"v":1,"d":"1.0"},{"v":1.13,"d":"1.1"},{"v":3,"d":"3.0"},{"v":125,"d":"125.0"}]
["Ensiladeira","Unidade",25,{"v":1,"d":"1.0"},{"v":1.04,"d":"1.0"},{"v":2,"d":"2.0"},{"v":26,"d":"26.0"}]
["Grade Aradora (Tipo Romi)","Unidade",84,{"v":1,"d":"1.0"},{"v":1.14,"d":"1.1"},{"v":2,"d":"2.0"},{"v":96,"d":"96.0"}]
["Grade Niveladora","Unidade",248,{"v":1,"d":"1.0"},1.2,{"v":4,"d":"4.0"},{"v":297,"d":"297.0"}]
["Implementos para Tração Animal","Unidade",2,{"v":2,"d":"2.0"},3.5,{"v":5,"d":"5.0"},{"v":7,"d":"7.0"}]
["Microtrator","Unidade",6,{"v":1,"d":"1.0"},{"v":1,"d":"1.0"},{"v":1,"d":"1.0"},{"v":6,"d":"6.0"}]
["Misturador de Ração","Unidade",2,{"v":1,"d":"1.0"},1.5,{"v":2,"d":"2.0"},{"v":3,"d":"3.0"}]
["Ordenhadeira Mecânica","Unidade",2,{"v":1,"d":"1.0"},{"v":1,"d":"1.0"},{"v":1,"d":"1.0"},{"v":2,"d":"2.0"}]
["Pulverizador Tratorizado","Unidade",222,{"v":1,"d":"1.0"},{"v":1.51,"d":"1.5"},{"v":13,"d":"13.0"},{"v":336,"d":"336.0"}]
["Resfriador de Leite, Tanque Expansão","Unidade",2,{"v":1,"d":"1.0"},{"v":1,"d":"1.0"},{"v":1,"d":"1.0"},{"v":2,"d":"2.0"}]
["Semeadeira/Adubadeira para Plantio Convencional","Unidade",87,{"v":1,"d":"1.0"},{"v":1.06,"d":"1.1"},{"v":2,"d":"2.0"},{"v":92,"d":"92.0"}]
["Semeadeira/Plantadeira Plantio Direto","Unidade",7,{"v":1,"d":"1.0"},{"v":1,"d":"1.0"},{"v":1,"d":"1.0"},{"v":7,"d":"7.0"}]
["Terraceador","Unidade",7,{"v":1,"d":"1.0"},{"v":1.14,"d":"1.1"},{"v":2,"d":"2.0"},{"v":8,"d":"8.0"}]
["Trator de Esteiras","Unidade",1,{"v":1,"d":"1.0"},{"v":1,"d":"1.0"},{"v":1,"d":"1.0"},{"v":1,"d":"1.0"}]
["Trator de Pneus","Unidade",312,{"v":1,"d":"1.0"},{"v":1.62,"d":"1.6"},{"v":9,"d":"9.0"},{"v":504,"d":"504.0"}]
["Açude/Represa","Unidade",134,{"v":1,"d":"1.0"},{"v":1.44,"d":"1.4"},{"v":8,"d":"8.0"},{"v":193,"d":"193.0"}]
["Almoxarifado/Oficina","Unidade",10,{"v":1,"d":"1.0"},1.2,{"v":2,"d":"2.0"},{"v":12,"d":"12.0"}]
["Armazém para Grãos Ensacados","Sacas",10,{"v":1,"d":"1.0"},{"v":1500.9,"d":"1,500.9"},{"v":15000,"d":"15,000.0"},{"v":15009,"d":"15,009.0"}]
["Balança para Bovinos","Unidade",4,{"v":1,"d":"1.0"},{"v":1,"d":"1.0"},{"v":1,"d":"1.0"},{"v":4,"d":"4.0"}]
["Balança para Veículos","Unidade",2,{"v":1,"d":"1.0"},1.5,{"v":2,"d":"2.0"},{"v":3,"d":"3.0"}]
["Barracão para Granja/Avicultura","Unidade",24,{"v":1,"d":"1.0"},{"v":1.63,"d":"1.6"},{"v":4,"d":"4.0"},{"v":39,"d":"39.0"}]
["Barracão/Galpão/Garagem","Unidade",324,{"v":1,"d":"1.0"},{"v":1.11,"d":"1.1"},{"v":4,"d":"4.0"},{"v":361,"d":"361.0"}]
["Biodigestor","Unidade",2,{"v":1,"d":"1.0"},2.5,{"v":4,"d":"4.0"},{"v":5,"d":"5.0"}]
["Casa de Moradia Habitada","Unidade",383,{"v":1,"d":"1.0"},{"v":1.35,"d":"1.4"},{"v":9,"d":"9.0"},{"v":516,"d":"516.0"}]
["Casa de Moradia Total","Unidade",527,{"v":1,"d":"1.0"},{"v":1.67,"d":"1.7"},{"v":11,"d":"11.0"},{"v":878,"d":"878.0"}]
["Curral/Mangueira","Unidade",401,{"v":1,"d":"1.0"},{"v":1.02,"d":"1.0"},{"v":3,"d":"3.0"},{"v":410,"d":"410.0"}]
["Depósito/Tulha","Unidade",301,{"v":1,"d":"1.0"},{"v":1.08,"d":"1.1"},{"v":4,"d":"4.0"},{"v":325,"d":"325.0"}]
["Engenho","Unidade",1,{"v":1,"d":"1.0"},{"v":1,"d":"1.0"},{"v":1,"d":"1.0"},{"v":1,"d":"1.0"}]
["Estábulo","Unidade",1,{"v":1,"d":"1.0"},{"v":1,"d":"1.0"},{"v":1,"d":"1.0"},{"v":1,"d":"1.0"}]
["Fábrica de Ração","Unidade",1,{"v":1,"d":"1.0"},{"v":1,"d":"1.0"},{"v":1,"d":"1.0"},{"v":1,"d":"1.0"}]
["Instalações para Equinos","Unidade",4,{"v":1,"d":"1.0"},1.5,{"v":3,"d":"3.0"},{"v":6,"d":"6.0"}]
["Máquina de Benefício","Unidade",2,{"v":1,"d":"1.0"},{"v":1,"d":"1.0"},{"v":1,"d":"1.0"},{"v":2,"d":"2.0"}]
["Pocilga","Unidade",69,{"v":1,"d":"1.0"},2.3,{"v":10,"d":"10.0"},{"v":159,"d":"159.0"}]
["Poço Semi-Artesiano","Unidade",67,{"v":1,"d":"1.0"},{"v":1.03,"d":"1.0"},{"v":2,"d":"2.0"},{"v":69,"d":"69.0"}]
["Posto Meteorológico","Unidade",1,{"v":1,"d":"1.0"},{"v":1,"d":"1.0"},{"v":1,"d":"1.0"},{"v":1,"d":"1.0"}]
["Secador de Grãos","Unidade",2,{"v":1,"d":"1.0"},{"v":1,"d":"1.0"},{"v":1,"d":"1.0"},{"v":2,"d":"2.0"}]
["Silo para Silagem","t",4,{"v":1,"d":"1.0"},{"v":17.25,"d":"17.3"},{"v":40,"d":"40.0"},{"v":69,"d":"69.0"}]
["Terreiro","m²",164,{"v":1,"d":"1.0"},{"v":198.68,"d":"198.7"},{"v":900,"d":"900.0"},{"v":32584,"d":"32,584.0"}]
["Fonte: Secretaria de Agricultura e Abastecimento, CDRS/IEA, Projeto LUPA."]
[]
["TABELA 84.4 - Outras Estatísticas Agrícolas, Município de Borborema, Estado de São Paulo, 2007/08."]
["ITEM","Número de UPAs",null,"Percentual"]
["Faz Parte de Associação de Produtores",36,null,{"v":4.040404040404041,"d":"4.0"}]
["Faz Parte de Cooperativa de Produtores",421,null,{"v":47.250280583613915,"d":"47.3"}]
["Faz Parte do Sindicato de Produtores",270,null,{"v":30.3030303030303,"d":"30.3"}]
["Não utiliza assistência técnica ",491,null,{"v":55.10662177328844,"d":"55.1"}]
["Utiliza somente assistência técnica governamental ",32,null,{"v":3.591470258136925,"d":"3.6"}]
["Utiliza somente assistência técnica privada ",306,null,{"v":34.343434343434346,"d":"34.3"}]
["Utiliza assistência técnica tanto governamental quanto privada",62,null,{"v":6.958473625140292,"d":"7.0"}]
["Utiliza Crédito Rural",134,null,{"v":15.039281705948373,"d":"15.0"}]
["Utiliza Seguro Rural",24,null,{"v":2.6936026936026938,"d":"2.7"}]
["Utiliza Escrituração Agrícola",243,null,{"v":27.27272727272727,"d":"27.3"}]
["Acessa Internet p/ Fins na Agropecuária",7,null,{"v":0.7856341189674523,"d":"0.8"}]
["Utiliza Computador nas Atividades Agropecuárias",7,null,{"v":0.7856341189674523,"d":"0.8"}]
["Utiliza Energia Elétrica Para Uso na Atividade Agrícola",569,null,{"v":63.8608305274972,"d":"63.9"}]
["Realiza Análise de Solo, quando necessário",519,null,{"v":58.24915824915825,"d":"58.2"}]
["Utiliza Práticas de Conservação de Solo, quando necessário",791,null,{"v":88.77665544332211,"d":"88.8"}]
["Faz Adubação Mineral, quando necessário",734,null,{"v":82.3793490460157,"d":"82.4"}]
["Faz Adubação Orgânica, quando necessário",82,null,{"v":9.20314253647587,"d":"9.2"}]
["Faz Adubação Verde, quando necessário",20,null,{"v":2.2446689113355784,"d":"2.2"}]
["Utiliza Manejo Integrado de Pragas (MIP)",21,null,{"v":2.356902356902357,"d":"2.4"}]
["Utiliza Hidroponia","-",null,"-"]
["Utiliza Plasticultura",1,null,{"v":0.1122334455667789,"d":"0.1"}]
["Utiliza Mudas Fiscalizadas",187,null,{"v":20.987654320987655,"d":"21.0"}]
["Utiliza Semente Melhorada",33,null,{"v":3.7037037037037037,"d":"3.7"}]
["Faz Confinamento de Bovinos",8,null,{"v":0.8978675645342312,"d":"0.9"}]
["Utiliza Pastejo Intensivo",14,null,{"v":1.5712682379349048,"d":"1.6"}]
["Faz Inseminação Artificial",1,null,{"v":0.1122334455667789,"d":"0.1"}]
["Faz Mineralização do Rebanho",421,null,{"v":47.250280583613915,"d":"47.3"}]
["Faz Vermifugação do Rebanho",424,null,{"v":47.586980920314254,"d":"47.6"}]
["Possui Parceiros /Arrendatários na Exploração Animal",22,null,{"v":2.4691358024691357,"d":"2.5"}]
["Esporte e lazer",1,null,{"v":0.1122334455667789,"d":"0.1"}]
["Extração mineral","-",null,"-"]
["Hotel Fazenda, Pousada ou SPA","-",null,"-"]
["Pesque-pague","-",null,"-"]
["Restaurante ou Lanchonete",2,null,{"v":0.2244668911335578,"d":"0.2"}]
["Transformação artesanal","-",null,"-"]
["Turismo rural ou ecoturismo","-",null,"-"]
["Outras atividades econômicas rurais",4,null,{"v":0.4489337822671156,"d":"0.4"}]
["Agroindústria","-",null,"-"]
["Proprietário sem instrução ou com instrução incompleta",42,null,{"v":4.713804713804714,"d":"4.7"}]
["Proprietário com antigo primário completo",475,null,{"v":53.31088664421998,"d":"53.3"}]
["Proprietário com 1° grau (ou antigo ginasial) completo",114,null,{"v":12.794612794612794,"d":"12.8"}]
["Proprietário com 2° grau (ou antigo colegial) completo",112,null,{"v":12.570145903479236,"d":"12.6"}]
["Proprietário com curso superior completo ",127,null,{"v":14.25364758698092,"d":"14.3"}]
["Pessoa Jurídica",21,null,{"v":2.356902356902357,"d":"2.4"}]
["Proprietário residente na própria UPA ",137,null,{"v":15.37598204264871,"d":"15.4"}]
["Fonte: Secretaria de Agricultura e Abastecimento, CDRS/IEA, Projeto LUPA."]
[]
["TABELA 84.5 - Área Cultivada, Município de Borborema, Estado de São Paulo, 2007/08."]
["CULTURA","N.DE UPAs","MÍNIMO","MÉDIO","MÁXIMO","TOTAL"]
["Cana-de-acucar",401,0.5,{"v":66.78,"d":"66.8"},{"v":2230.1,"d":"2,230.1"},{"v":26778.1,"d":"26,778.1"}]
["Laranja",345,0.9,{"v":27.13,"d":"27.1"},{"v":449,"d":"449.0"},{"v":9361.4,"d":"9,361.4"}]
["Braquiaria",433,0.5,{"v":17.34,"d":"17.3"},{"v":419,"d":"419.0"},{"v":7507.3,"d":"7,507.3"}]
["Milho",88,0.6,{"v":9.68,"d":"9.7"},48.4,852.1]
["Amendoim",26,2.1,{"v":20.39,"d":"20.4"},{"v":118,"d":"118.0"},530.1]
["Eucalipto",63,0.3,{"v":2.85,"d":"2.9"},{"v":17,"d":"17.0"},179.7]
["Banana",6,2.3,{"v":26.97,"d":"27.0"},{"v":82,"d":"82.0"},161.8]
["Seringueira",8,3.2,13.8,{"v":48,"d":"48.0"},110.4]
["Gramas",21,0.1,{"v":4.32,"d":"4.3"},{"v":18,"d":"18.0"},90.7]
["Limao",21,0.5,{"v":3.13,"d":"3.1"},{"v":8,"d":"8.0"},65.8]
["Sorgo-vassoura",12,{"v":1,"d":"1.0"},{"v":5.29,"d":"5.3"},{"v":10,"d":"10.0"},63.5]
["Manga",11,0.6,{"v":3.84,"d":"3.8"},8.6,42.2]
["Cafe",9,0.7,{"v":3.21,"d":"3.2"},8.2,28.9]
["Tomate rasteiro",2,11.8,14.4,{"v":17,"d":"17.0"},28.8]
["Milho-doce",1,{"v":20,"d":"20.0"},{"v":20,"d":"20.0"},{"v":20,"d":"20.0"},{"v":20,"d":"20.0"}]
["Coloniao",5,{"v":1,"d":"1.0"},3.4,{"v":12,"d":"12.0"},{"v":17,"d":"17.0"}]
["Macadamia (ou noz-macadamia)",1,{"v":16,"d":"16.0"},{"v":16,"d":"16.0"},{"v":16,"d":"16.0"},{"v":16,"d":"16.0"}]
["Tangor",3,{"v":3,"d":"3.0"},{"v":3.77,"d":"3.8"},4.8,11.3]
["Pessego",1,{"v":11,"d":"11.0"},{"v":11,"d":"11.0"},{"v":11,"d":"11.0"},{"v":11,"d":"11.0"}]
["Tangerina",4,{"v":1,"d":"1.0"},{"v":2.45,"d":"2.5"},5.3,9.8]
["Feijao",1,9.6,9.6,9.6,9.6]
["Kinkan",1,{"v":9,"d":"9.0"},{"v":9,"d":"9.0"},{"v":9,"d":"9.0"},{"v":9,"d":"9.0"}]
["Coco-da-baia",1,{"v":7,"d":"7.0"},{"v":7,"d":"7.0"},{"v":7,"d":"7.0"},{"v":7,"d":"7.0"}]
["Pupunha",1,6.5,6.5,6.5,6.5]
["Capim-napier (ou capim-elefante)",1,{"v":5,"d":"5.0"},{"v":5,"d":"5.0"},{"v":5,"d":"5.0"},{"v":5,"d":"5.0"}]
["Alface",1,{"v":5,"d":"5.0"},{"v":5,"d":"5.0"},{"v":5,"d":"5.0"},{"v":5,"d":"5.0"}]
["Mandioca",1,{"v":4,"d":"4.0"},{"v":4,"d":"4.0"},{"v":4,"d":"4.0"},{"v":4,"d":"4.0"}]
["Maracuja",1,3.3,3.3,3.3,3.3]
["Sorgo-forrageiro",1,2.5,2.5,2.5,2.5]
["Sorgo",1,2.5,2.5,2.5,2.5]
["Fonte: Secretaria de Agricultura e Abastecimento, CDRS/IEA, Projeto LUPA."]